| 000 | 00654pam a2200181 a 4500 | ||
|---|---|---|---|
| 020 | _a0070481504 | ||
| 082 | 0 | 0 |
_a658.404 _bOBE _cL-14, P-193 |
| 100 | 1 |
_aOberlender, Garold D. _918439 |
|
| 245 | 1 | 0 |
_aProject management for engineering and construction / _cGarold D. Oberlender. |
| 260 |
_aNew York : _bMcGraw-Hill, _cc1993. |
||
| 300 |
_axiv, 272 p. : _bill. ; _c25 cm. |
||
| 526 |
_a0 _b0 _c0 _d658_404000000000000_OBE |
||
| 650 | 0 |
_aEngineering _xManagement. |
|
| 650 | 0 |
_aMCE _9379 |
|
| 856 | 4 | 1 | _uhttp://www.loc.gov/catdir/enhancements/fy0602/92033745-t.html |
| 856 | 4 | 2 | _uhttp://www.loc.gov/catdir/enhancements/fy0602/92033745-d.html |
| 942 |
_2ddc _cBK |
||
| 999 |
_c548402 _d548402 |
||